<?xml version="1.0" encoding="UTF-8"?>
<record
    xmlns:xsi="http://www.w3.org/2001/XMLSchema-instance"
    xsi:schemaLocation="http://www.loc.gov/MARC21/slim http://www.loc.gov/standards/marcxml/schema/MARC21slim.xsd"
    xmlns="http://www.loc.gov/MARC21/slim">

  <leader>01345nam a22002417a 4500</leader>
  <controlfield tag="001">BRCA_9269</controlfield>
  <controlfield tag="003">FranzMayer</controlfield>
  <controlfield tag="005">20230719130046.0</controlfield>
  <controlfield tag="008">230719b        |||||||| |||| 00| 0 eng d</controlfield>
  <datafield tag="040" ind1=" " ind2=" ">
    <subfield code="a">MFM</subfield>
    <subfield code="b">esp</subfield>
    <subfield code="c">MFM</subfield>
  </datafield>
  <datafield tag="050" ind1=" " ind2="4">
    <subfield code="a">LE56</subfield>
    <subfield code="b">S87 1782</subfield>
  </datafield>
  <datafield tag="082" ind1=" " ind2=" ">
    <subfield code="2">BT198</subfield>
  </datafield>
  <datafield tag="110" ind1="1" ind2=" ">
    <subfield code="4">Responsable</subfield>
    <subfield code="a">Superiorum Facultate</subfield>
    <subfield code="9">28857</subfield>
  </datafield>
  <datafield tag="240" ind1="1" ind2=" ">
    <subfield code="a">Thelogia scholastica-dogmatica ex ss patribus, Maxime ex de Augustino et Angelico doctore deprompta, et acommodata ad utilitatem juventutis, in octo tomos distributa</subfield>
    <subfield code="h">Tomo IV</subfield>
    <subfield code="l">Lat&#xED;n</subfield>
  </datafield>
  <datafield tag="245" ind1="0" ind2=" ">
    <subfield code="a">Thelogia scholastica-dogmatica ex ss patribus, Maxime ex de Augustino et Angelico doctore deprompta, et acommodata ad utilitatem juventutis, in octo tomos distributa</subfield>
    <subfield code="b">Tomo IV</subfield>
  </datafield>
  <datafield tag="260" ind1=" " ind2=" ">
    <subfield code="a">Roma, Italia</subfield>
    <subfield code="b">Typographia Hermatheniana</subfield>
    <subfield code="c">1782</subfield>
  </datafield>
  <datafield tag="300" ind1=" " ind2=" ">
    <subfield code="a">354 p</subfield>
    <subfield code="c">18 cm</subfield>
  </datafield>
  <datafield tag="440" ind1=" " ind2=" ">
    <subfield code="a">Thelogia scholastica-dogmatica ex ss patribus, Maxime ex de Augustino et Angelico doctore deprompta, et acommodata ad utilitatem juventutis, in octo tomos distributa</subfield>
    <subfield code="n">De divini verbi incarnationes, et de deo. Legum Auctore</subfield>
    <subfield code="p">Tomo IV</subfield>
    <subfield code="9">28858</subfield>
  </datafield>
  <datafield tag="505" ind1="0" ind2=" ">
    <subfield code="a">Texto en: lat&#xED;nDirigido a: historiadores, te&#xF3;logos, antrop&#xF3;logosIncluye &#xED;ndice (tem&#xE1;tico) </subfield>
  </datafield>
  <datafield tag="650" ind1="1" ind2=" ">
    <subfield code="2">Religi&#xF3;n</subfield>
    <subfield code="a">Religi&#xF3;n cristiana</subfield>
    <subfield code="v">Teolog&#xED;a</subfield>
    <subfield code="9">28859</subfield>
  </datafield>
  <datafield tag="651" ind1="2" ind2=" ">
    <subfield code="2">Historia y principios de la religi&#xF3;n</subfield>
    <subfield code="a">Estudios religiosos </subfield>
    <subfield code="9">28860</subfield>
  </datafield>
  <datafield tag="942" ind1=" " ind2=" ">
    <subfield code="2">lcc</subfield>
    <subfield code="c">B</subfield>
  </datafield>
  <datafield tag="999" ind1=" " ind2=" ">
    <subfield code="c">10888</subfield>
    <subfield code="d">10888</subfield>
  </datafield>
  <datafield tag="952" ind1=" " ind2=" ">
    <subfield code="0">0</subfield>
    <subfield code="1">0</subfield>
    <subfield code="2">lcc</subfield>
    <subfield code="4">0</subfield>
    <subfield code="7">0</subfield>
    <subfield code="8">CFM</subfield>
    <subfield code="a">BRCA</subfield>
    <subfield code="b">BRCA</subfield>
    <subfield code="d">2023-07-19</subfield>
    <subfield code="e">Donaci&#xF3;n</subfield>
    <subfield code="l">0</subfield>
    <subfield code="o">LE56 S87 1782</subfield>
    <subfield code="p">CFM00502</subfield>
    <subfield code="r">2023-07-19 00:00:00</subfield>
    <subfield code="w">2023-07-19</subfield>
    <subfield code="y">B</subfield>
  </datafield>
</record>
